00430nam a22001337a 450000500170000000800410001704100120005808200140007010000330008424500940011726000340021130000260024565000250027120231025080327.0231025b |||||||| |||| 00| 0 eng d aEnglish a347.1 JON avan Loggerenberg DElEnglish aJones & Buckle Magistrates' Courts Rules and Supplementary Material cDE van Loggerenberg aCape Town :bJuta Law, c2010 bv, 84 pages ;c33 cm. aLegal practice bLaw